000 00443cam a2200169ua 4500
001 6368
008 131204n ii |||gr||||Z||||||eng
040 _cMAIN
082 _a658
245 1 1 _aBusiness administration & management
_cBy S.C. Saksena
260 _aAgra:
_bSahitya bhawan,
_c1998.
300 _aviii,362p.
653 _aCommerce
653 _aBusiness administration and management
700 1 _aSaksena,S.C.,
_eAuthor.
942 _cBK
999 _c5519
_d5519